000 00633nam a2200241Ia 4500
003 OSt
005 20220918204043.0
006 a|||||r|||| 00| 0
007 ta
008 220917b |||||||| |||| 00| 0 eng d
024 _a110,830
037 _cTextual
040 _aARTS
_cARTS
_beng
041 _2eng
_aeng
082 _aV53.L90gY49(J), M8
100 _aJones P M
_9110562
245 0 _aPeasantry in the French Revolution
260 _aCambridge
_bC U P
_c1988
300 _axvii, 306p.
_ccm.
650 _aHISTORY
942 _hV53.L90gY49(J), M8
_cTEXL
_2CC
999 _c234180
_d234180